Nostradamus : The man who saw Through Time (Record no. 922595)

MARC details
000 -LEADER
fixed length control field 00260nam a2200097Ia 4500
008 - FIXED-LENGTH DATA ELEMENTS--GENERAL INFORMATION
fixed length control field 231107s1941 xx 000 0 und d
041 ## - LANGUAGE CODE
Language code of text/sound track or separate title eng
100 ## - MAIN ENTRY--PERSONAL NAME
Personal name Lee Mecann
245 ## - TITLE STATEMENT
Title Nostradamus : The man who saw Through Time
260 ## - PUBLICATION, DISTRIBUTION, ETC.
Place of publication, distribution, etc. New York
Name of publisher, distributor, etc. Wings Books
Date of publication, distribution, etc. 1941

No items available.